000 00494nam a2200181 a 4500
001 286
003 CO-ViMGA
008 141112s2004 ck r 000 u spa d
040 _aCO-ViMGA
_bspa
_cCO-ViMGA
082 _aWEIy
100 1 _aWeinman Sharmat, Marjorie
_94920
245 1 0 _aYo, el gran Fercho /
_cMarjorie Weinman Sharmat
260 _aSantafé de Bogotá :
_bNorma,
_c1997
300 _a63 p : il
490 _aTorre de papel
650 1 4 _aCUENTOS INFANTILES
_92743
942 _2ddc
_cBK
999 _c10488
_d10488